A text book of Engineering Drawing/ (Record no. 175011)

MARC details
000 -LEADER
fixed length control field 00616nam a22001817a 4500
005 - DATE AND TIME OF LATEST TRANSACTION
control field 20200803155343.0
010 ## - LCCN (DPL NO)
LC control number ENG-128303
020 ## - INTERNATIONAL STANDARD BOOK NUMBER
Terms of availability 325.00
International Standard Book Number 9789352837373
035 ## - SYSTEM CONTROL NUMBER
System control number EN-111835
037 ## - SOURCE OF ACQUISITION
Source of stock number/acquisition DBAD/PUB
082 ## - DEWEY DECIMAL CLASSIFICATION NUMBER
Classification number 604.2
Edition number 3rd ed.
100 ## - MAIN ENTRY--PERSONAL NAME
Personal name Dhawan,R.K
245 ## - TITLE STATEMENT
Title A text book of Engineering Drawing/
Statement of responsibility, etc by R. K. Dhawan
Remainder of title in first Angle Projection:
260 ## - PUBLICATION, DISTRIBUTION, ETC. (IMPRINT)
Place of publication, distribution, etc New Delhi
Name of publisher, distributor, etc S.Chand
Date of publication, distribution, etc 2019
270 ## - ADDRESS
Address Head Office:7361,Ram Nagar,Qutab Rord
City New Delhi
Postal code 110055
Telephone number 23672080
Fax number 91-11-23677446
Electronic mail address info@schandpublishing.com
300 ## - PHYSICAL DESCRIPTION
Extent x;766p.
Dimensions 24cm(pbk)
942 ## - ADDED ENTRY ELEMENTS (KOHA)
Source of classification or shelving scheme Dewey Decimal Classification
Item type English Books
Classification part 604.2
Call number suffix DHA
Holdings
Withdrawn status Lost status Not for loan Collection code Home library Current library Date acquired Source of acquisition Cost, normal purchase price Full call number Barcode Copy number Cost, replacement price Koha item type
      Non-fiction D.B.Act.Division D.B.Act.Division 03/08/2020 DBAD/PUB 325.00 604.2 DHA EN-111835 1 325.00 English Books

© Delhi Public Library
Hit Counter
free hit counter